Statistics for On This Day (May 4th) Multiple Choice

Click here to take the quiz!

General Stats

  • This quiz has been taken 7 times
  • The average score is 7 of 15

Answer Stats

QuestionAnswer% Correct
1814 – Emperor Napoleon arrives at Portoferraio on which island ?Elba
80%
1626 – Dutch explorer Peter Minuit arrives in New Netherland aboard the See Meeuw. What is New Netherland called today ?Manhattan Island
80%
Today is a commemorative day observed by fans of which film franchise ?Star Wars
80%
1471 – Wars of the Roses: Edward IV defeats a Lancastrian Army and kills Edward of Westminster, Prince of Wales at which battle ?Battle of Tewkesbury
60%
1972 – The "Don't Make A Wave Committee", a fledgling environmental organization founded in Canada in 1971, officially changes its name to what ?Greenpeace
60%
2000 – Ken Livingstone becomes the first Mayor of which city ?London
60%
1904 – The United States begins construction of what ?Panama Canal
60%
1776 – Rhode Island becomes the first American colony to renounce allegiance to which King ?George III
40%
1982 – Twenty sailors from which British ship are killed when it is hit by an Argentinian Exocet missile during the Falklands War ?HMS Sheffield
40%
1944 – Russi Taylor, American voice actress, is born. Which character did she mostly voice ?Minnie Mouse
40%
1859 – The Cornwall Railway opens across the Royal Albert Bridge linking Devon and Cornwall in England and spanning which river ?Tamar
40%
1949 – The entire football team of which Italian city is killed in a plane crash ?Turin
40%
2012 – Adam Yauch, American rapper and director, dies. What band was he a founding member of ?Beastie Boys
20%
1959 – Which annual awards ceremony is held for the first time ?Grammy
20%
1932 – Al Capone begins serving an eleven-year prison sentence for tax evasion in which prison ?Atlanta Penitentiary
0%

Score Distribution

Percentile by Number Answered

Percent of People with Each Score

Your Score History

You have not taken this quiz